000
00234 a2200097 4500
001
30872
100
_a
Ali, Syed Amir
245
_a
The Life and Teachings of Muhammad
260
_a
London
_b
William & Norgate
_c
090
_c
20768
_d
20768
942
_a
NUST-CAE
_c
M
_c
11967
999
_c
265945
_d
265945